| 000 | 004400000a22001810004500 | ||
|---|---|---|---|
| 003 | MACL | ||
| 005 | 20150825142614.0 | ||
| 008 | 150825b xxu||||| |||| 00| 0 eng d | ||
| 040 |
_aMACL _cMACL |
||
| 041 | _aEnglish | ||
| 082 | _a700/BHU | ||
| 100 |
_aBhuvanendran, N _97353 |
||
| 245 | _aInter Pretation of Indian Art | ||
| 260 |
_bHeritage Publishers _c1991 _aNew Delhi |
||
| 350 | _a250 | ||
| 650 |
_aArts _97354 |
||
| 942 |
_cBK _k700 _2ddc |
||
| 999 |
_c5301 _d5301 |
||